El noventa : una evolucion politica argentina /

Guardado en:
Autor Principal: Balestra, Juan
Formato: Libro
Publicado: Buenos Aires : La Facultad, 1934
Materias:
Etiquetas: Agregar Etiqueta
Sin Etiquetas, Sea el primero en etiquetar este registro!
LEADER 00481nam a22001695a 4500
001 CEM.cems000816
005 20060210000000.0
008 130507s1934##################000#0#####d
003 CEMS
082 0 4 |a 982.05 
100 1 |a Balestra, Juan 
245 1 0 |a El noventa :  |b una evolucion politica argentina / 
260 |a Buenos Aires :  |b La Facultad,  |c 1934 
300 |a 270 p. 
653 |a Historia 
653 |a Historia argentina 
859 |a CEMS  |b BIB. CEMS - 11 de abril  |h 982.05  |i Bl95  |p 10116.81  |t Ej.1